Statistics for WW1 Random Facts

Click here to take the quiz!

General Stats

  • This quiz has been taken 2,660 times
  • The average score is 10 of 15

Answer Stats

HintsAnswer% Correct
Yellow Colored GasMustard Gas
92%
Country which had a revolutionRussia
91%
Country, whose heir was killedAustria-Hungary
87%
Year a Christmas "Peace" Happened1914
84%
Countriy in Asia that fought GermanyJapan
83%
A German Runner who later became leader of GermanyHitler
81%
Tsar of Russia during WW1Nicholas the Second
71%
Only Balkan state to join Central PowersBulgaria
68%
Largest British OffensiveSomme
63%
British Officer who helped with the Arab RevoltLawrence of arabia
62%
Name of Ship, that caused America to join the warRMS Lusitania
49%
Standard British RifleLee–Enfield
45%
Largest Ship BattleJutland
43%
Large BattleshipDreadnought
40%
Prime Minister of U.K during WW1David Lloyd George / Herbert Henry Asquith
22%

Score Distribution

Percentile by Number Answered

Percent of People with Each Score

Your Score History

You have not taken this quiz